00376nam a2200121Ia 4500003000400000005001700004008004100021040001800062041000800080100003800088245009500126260003300221OSt20260128123620.0211028s2018 xx 000 0 und d cAIMIT LIBRARY aeng aAnusha M K; Dias, Beena.g1616021 aStudy on quality of work life in the employees of D2L pharma research solution Bangalore / aMangalorebBeena Dias.c2018